00486nam a2200133 a 450000500170000000800410001702000180005805000210007610000250009724501380012226000460026030000160030665000300032220140412111247.0010418s19uu xx 00 eng d a971-08-3065-1 aFil EbPi64 1986 aDimalanta, Wystan A. aMga pakikipagsapalaran ni Pilandok :b(halaw sa kuwentong Bayan ng Maranaw) /cby Wystan A. Dimalanta; illustrations by Juanit Y. Sy. aPhilippines :bNational Bookstore,c1986. a32p. ; ill. aMaranaw stories, Filipino